000 01062cam a2200253 4500
008 030528n2002 000 0 eng u
020 _a072773203X
035 _a(Sirsi) u122449
041 _aeng
050 _a711.554
_c18
110 _aInstitution of Civil Engineers
_91402
245 _aRural routes and networks
_bcreating and preserving routes that are sustainable, convenient, tranquil, attractive and safe
260 _aLondon
_bThomas Telford
_c2002
300 _a40p.
_c30cm
350 _a10
520 _aReport examines changing how rural routes and networks are approached. Investigates methods of: recreating a network of safe and pleasant rural routes for walking, cycling and horse riding; providing for those who live and work in the countryside and restoring and protecting the land's character and natural beauty.
650 _aRURAL TRANSPORT
650 _aROAD PLANNING
650 _aROAD USE
650 _aSUSTAINABLE DEVELOPMENT
690 _aTRANSPORT AND COMMUNICATION
710 _aCountryside Agency
_93740
942 _n0
999 _c102851
_d102851